LEADER 00631nam a2200169 i 4500 001 000000251687 003 CaOOAMICUS 005 20161129000000.0 008 161129s1844 it u000 u mul u 013 $a230592 040 $aSeMil$bita 245 10$aVolume 4. [Parte 3]. 773 0 $tCorpo del diritto civile.$bNuova edizione eseguita su quella di Parigi del 1830.$dVenezia : Giuseppe Antonelli, 1836-1844.$g4$w()33473 850 $aSeMil 852 $aSeMil$W1$xVenegono$y1$m3L V 15 FA$j202033$B202033$CSeMilBibl$Z2$F214491 $8I 961 $aRecupero: Mantegazza 996 $6245$aVolume 4. [Parte 3]$9(OLS)http://semarc/title/353909 LEADER 00870nam a2200229 4500 001 000000336040 003 CaOOAMICUS 005 20190819115045.0 008 190819s1814 it 000 u ita r 026 $adiuo n-el x.e- l'st (3) 1814 (A) 040 $aSeMil$bita 245 00$aVita del generale Moreau. 264 1$aMilano :$bPresso Sonzogno e Compagni,$c1814. 300 $a66, [2] p. ;$c8° 710 2 $aSonzogno e C.$c.$0(OLS)http://semarc/name/11985 752 $aIT$dMilano 773 0 $t[Opuscoli all'epoca della Rivoluzione francese.$w()336031 850 $aSeMil 852 $aSeMil$W1$xVenegono$y1$m3R VII 11/6 FA$j215347$B227873$CSeMilBibl$Z2$F227873 $8I 996 $6245$aVita del generale Moreau$9(OLS)http://semarc/title/425337 996 $6264$aMilano :$bPresso Sonzogno e Compagni$9(OLS)http://semarc/publisher/55439 LEADER 01222nam a2200265 i 4500 001 000000009147 003 CaOOAMICUS 005 20220325122811.0 008 180830s1964 it u000 u ita u 040 $aSeMil$bita 100 1 $aMaggi, Carlo Maria,$d<1630-1699>.$0(OLS)http://semarc/name/4534 245 13$aIl teatro milanese /$cCarlo Maria Maggi ; a cura di Dante Isella. 260 $aTorino :$bEinaudi,$c1964. 300 $a2 v. ;$c23 cm. 490 1 $aNuova raccolta di classici italiani annotati 500 $aFondo Card. C.M. Martini. - Opera multivolume contenuta in un cofanetto. 650 4$aTeatro italiano - Milano - Storia.$0(OLS)http://semarc/subject/1428 700 1 $aIsella, Dante ,$d<1922-2007>.$0(OLS)http://semarc/name/1198 774 0 $tTesti, traduzione e note.$kNuova raccolta di classici italiani annotati$g1$w()114591 774 0 $tApparati critici e glossario.$kNuova raccolta di classici italiani annotati$g2$w()114592 830 0$aNuova raccolta di classici italiani annotati.$0(OLS)http://semarc/title/12077 941 1 $a4 996 $6245$aIl teatro milanese$9(OLS)http://semarc/title/12081 996 $6260$aTorino :$bEinaudi$9(OLS)http://semarc/publisher/29884